Child acre that works : (Record no. 129417)

MARC details
000 -LEADER
fixed length control field 00806nam a22002417a 4500
005 - DATE AND TIME OF LATEST TRANSACTION
control field 20170124110055.0
010 ## - LIBRARY OF CONGRESS CONTROL NUMBER
LC control number A-412643
020 ## - INTERNATIONAL STANDARD BOOK NUMBER
Terms of availability 00.00
International Standard Book Number 0385263910
035 ## - SYSTEM CONTROL NUMBER
System control number A-412643
037 ## - SOURCE OF ACQUISITION
Source of stock number/acquisition Cen Lib/Ret
040 ## - CATALOGING SOURCE
Original cataloging agency DPL
Language of cataloging EN
082 ## - DEWEY DECIMAL CLASSIFICATION NUMBER
Classification number 649.1
Item number MUS
100 ## - MAIN ENTRY--PERSONAL NAME
Personal name Muscari, Ann
9 (RLIN) 26309
245 ## - TITLE STATEMENT
Title Child acre that works :
Statement of responsibility, etc by Ann Muscari [and] Wend Warsell Morrone
Remainder of title how families can sahre their lives with child care and thrive /
260 ## - PUBLICATION, DISTRIBUTION, ETC. (IMPRINT)
Place of publication, distribution, etc New York
Name of publisher, distributor, etc Doubleday
Date of publication, distribution, etc 1989
270 ## - ADDRESS
City New York
Address 666 fifth avenue doubliday
300 ## - PHYSICAL DESCRIPTION
Extent 256p.
Dimensions 21cm(Hb)
500 ## - GENERAL NOTE
General note Includes index
650 ## - SUBJECT ADDED ENTRY--TOPICAL TERM
Topical term or geographic name as entry element Child care
Geographic subdivision United state
9 (RLIN) 26310
650 ## - SUBJECT ADDED ENTRY--TOPICAL TERM
Topical term or geographic name as entry element Child development
Geographic subdivision United state
9 (RLIN) 26311
700 ## - ADDED ENTRY--PERSONAL NAME
9 (RLIN) 26257
Personal name Morrone, Wenda Wardell
942 ## - ADDED ENTRY ELEMENTS (KOHA)
Source of classification or shelving scheme Dewey Decimal Classification
Koha item type English Books
Classification part 649.1
Call number suffix MUS
Holdings
Withdrawn status Lost status Damaged status Not for loan Home library Current library Date acquired Source of acquisition Cost, normal purchase price Total Checkouts Full call number Barcode Date last seen Copy number Cost, replacement price Price effective from Koha item type Public note
Written off       Central Library Central Library 06/07/2015 Cen Lib/Ret 0.00   649.1 MUS A-412643 06/07/2015 1 0.00 06/07/2015 English Books Written off on approval by DLB (By Circulation); dtd 15-06-2023

© Delhi Public Library
Hit Counter
free hit counter